000 00265nam a22001097a 4500
999 _c13596
_d13596
082 _a891.4393
100 _aمحمّد مرزا دہلوی
245 _aاتاترک
260 _aلاہور
_bفکشن ہاؤس
_c٢٠٠٣
300 _a٢١٦ صفحات
942 _cBK